| 000 | 00404nam a2200157Ia 4500 | ||
|---|---|---|---|
| 008 | 230312s9999||||xx |||||||||||||| ||und|| | ||
| 020 | _a1-4160-2957-5 | ||
| 082 |
_a618.9270076 _bSTA-P |
||
| 100 | _aStaheli;Lynn.T | ||
| 245 | 0 | _aPediatric Orthopaedic Secrets | |
| 260 |
_bElsevier _aChina _c2 |
||
| 300 | _a606 | ||
| 546 | _aEng. | ||
| 650 |
_aPhysiotherapy _vPediatric Orthopaedic Secrets |
||
| 942 | _cBK | ||
| 999 |
_c9052 _d9052 |
||